000 00707cam a22002411 4500
001 749028
003 OSt
005 20170105101210.0
008 730410s1957 nyua b 000 0 eng
010 _a 57005915
040 _aDLC
_cDLC
_dDLC
050 0 0 _aBF698
_b.H33
082 0 0 _a137
100 1 _aHall, Calvin S.
_q(Calvin Springer),
_d1909-1985.
245 1 0 _aTheories of personality
_c[by] Calvin S. Hall and Gardner Lindzey.
260 _aNew York,
_bWiley
_c[1957]
300 _a572 p.
_billus.
_c24 cm.
504 _aIncludes bibliographies.
650 0 _aPersonality.
700 1 _aLindzey, Gardner,
_ejoint author.
906 _a7
_bcbc
_corignew
_du
_eocip
_f19
_gy-gencatlg
942 _2ddc
_cBK
999 _c3173
_d3173